000 00465nam a2200181Ia 4500
003 GCL
008 140319s9999 xx 000 0 eng d
040 _aGCL /
_cGCL
082 0 4 _a843
_bJ H
100 1 _aJACQUES, STERNBERG
245 1 0 _aHISTOIRESA DORMIR SANS VOUS /
_cJACQUES, STERNBERG
260 _a[S.N] :
_bDENOEL ،
_c1994
300 _a377 P
490 _aCOLLECTION FOLIO
_v0
650 0 4 _aLITERATURE
650 0 4 _aFRENCH LITERATURE
942 _2ddc
_cBK
999 _c23296
_d23296